000 00678nam a2200253Ia 4500
003 OSt
005 20220925212559.0
006 a|||||r|||| 00| 0
007 ta
008 220923b |||||||| |||| 00| 0 eng d
020 _a0043230261
037 _cGeneral Book
040 _aRTL
_cRTL
_beng
041 _2eng
_aeng
082 _aY7:4.3.N8, M4
100 _aLayton-Henry Zig
_9107928
245 0 _aPolitics of race in Britain
260 _aLondon
_bAllen and Unwin
_c1984
300 _axvi, 191p
_ccm.
500 _aBibliography: P 179-89
650 _aRace
942 _hY7:4.3.N8, M4
_cGB
_2CC
999 _c560689
_d560689